[Event "New Zealand Championship"]
[Site "Palmerston North"]
[Date "2024.01.02"]
[Round "1.1"]
[White "Hague, Ben"]
[Black "Braganza, Nadia"]
[Result "1-0"]
[WhiteElo "2337"]
[BlackElo "1808"]

1. e4 c6 2. d4 d5 3. e5 Bf5 4. h4 h5 5. Bg5 Qb6 6. Bd3 Bxd3 7. Qxd3 Qa5+ 8. Nd2
e6 9. Ne2 Nd7 10. O-O c5 11. c4 Ne7 12. cxd5 Nxd5 13. Nc3 Nxc3 14. bxc3 Rc8 15.
Nc4 Qc7 16. d5 exd5 17. Nd6+ Bxd6 18. exd6 Qxd6 19. Rfe1+ Ne5 20. f4 O-O 21.
fxe5 Qe6 22. Rad1 d4 23. cxd4 cxd4 24. Qg3 Rc3 25. Qf2 d3 26. Qxa7 Qc6 27. Qe3
Ra8 28. Rd2 Rc1 29. Rxc1 Qxc1+ 30. Kh2 Qc4 31. Qxd3 Qe6 32. Qd5 Qxd5 33. Rxd5
Rxa2 34. Rd8+ Kh7 35. Rd7 Kg6 36. Rxb7 Ra5 37. Re7 f6 38. Bf4 Ra4 39. g3 Kf5
40. Rxg7 fxe5 41. Rg5+ Ke4 42. Rxe5+ Kf3 43. Re1 Kg4 44. Re2 Kf3 45. Rb2 Kg4
46. Kg2 Ra3 47. Bd6 Rd3 48. Rb4+ Kf5 49. Rb5+ Kg6 50. Bf4 1-0

[Event "New Zealand Championship"]
[Site "Palmerston North"]
[Date "2024.01.02"]
[Round "1.2"]
[White "Metge, J Nigel"]
[Black "Croad, Nicolas"]
[Result "0-1"]
[WhiteElo "1787"]
[BlackElo "2171"]

1. d4 Nf6 2. c4 e6 3. Nc3 Bb4 4. e3 O-O 5. Bd3 d5 6. Nf3 c5 7. O-O cxd4 8. exd4
dxc4 9. Bxc4 b6 10. Qe2 Bb7 11. Bg5 Bxc3 12. bxc3 Nbd7 13. Rac1 Qc7 14. Bd3 h6
15. Bh4 Nh5 16. Bb1 Qf4 17. Qd3 g6 18. Bg3 Qf6 19. Ne5 Nxe5 20. Bxe5 Qg5 21. g3
Rac8 22. c4 Rfd8 23. Qe2 Rxd4 24. f4 Nxg3 25. fxg5 Nxe2+ 26. Kf2 Nxc1 27. Bxd4
Rxc4 28. Rd1 Bd5 29. gxh6 Rb4 30. Be3 Rb2+ 31. Bd2 Nb3 32. axb3 Bxb3 33. Rc1
Rxd2+ 34. Ke3 Rd1 35. Rxd1 Bxd1 36. Kf4 a5 37. Kg5 a4 38. h4 b5 39. Kf6 b4 40.
h7+ Kxh7 41. Kxf7 b3 42. Bxg6+ Kh6 0-1

[Event "New Zealand Championship"]
[Site "Palmerston North"]
[Date "2024.01.02"]
[Round "1.3"]
[White "Gong, Daniel Hanwen"]
[Black "McDougall, Euan"]
[Result "1/2-1/2"]
[WhiteElo "2319"]
[BlackElo "1747"]

1. e4 c5 2. c3 e6 3. d4 d5 4. exd5 Qxd5 5. Nf3 Nc6 6. Be2 Nf6 7. Na3 a6 8. Nc4
Qd8 9. O-O cxd4 10. cxd4 Be7 11. Nce5 Bd7 12. Be3 O-O 13. a3 Nd5 14. Bd3 Bf6
15. Re1 Kh8 16. Rc1 Be8 17. Bb1 Nxe3 18. Rxe3 Nxe5 19. dxe5 Qxd1+ 20. Rxd1 Bd8
21. Be4 Rb8 22. Nd4 g6 23. Rc3 Ba5 24. b4 Ba4 25. Rd2 Bb6 26. Nf3 Rfd8 27.
Rxd8+ Rxd8 28. g3 Rd7 29. Rc8+ Kg7 30. Rb8 Bd1 31. Ng5 a5 32. Kg2 h6 33. bxa5
Bxa5 34. Nh3 Bc3 35. Rxb7 Rxb7 36. Bxb7 Bxe5 37. Bc6 g5 38. a4 Bc7 39. f3 f5
40. Nf2 Bc2 41. Kf1 Kf6 42. Ke2 Bb6 43. Nd3 Bxd3+ 44. Kxd3 Bg1 45. h3 h5 46. a5
Ke5 47. Ke2 h4 48. gxh4 gxh4 49. Bd7 Kf6 50. f4 Ke7 51. Bc8 Kd6 52. a6 Kd5 53.
Kf3 Ba7 54. Bd7 Kd6 55. Bc8 Ke7 56. Ke2 Kf7 57. Kf3 Kf6 58. Ke2 Ke7 59. Kf3 Kd6
60. Ke2 Bb6 61. Kf3 Kd5 62. Bb7+ Kd6 63. Bc8 Ke7 64. Ke2 Kf7 65. Kf3 Kf6 66.
Ke2 e5 67. fxe5+ Kxe5 68. Kf3 Ba7 1/2-1/2

[Event "New Zealand Championship"]
[Site "Palmerston North"]
[Date "2024.01.02"]
[Round "1.4"]
[White "Forster, William"]
[Black "Ker, Anthony F"]
[Result "0-1"]
[WhiteElo "1790"]
[BlackElo "2249"]

1. e4 c5 2. Nf3 g6 3. d4 cxd4 4. Nxd4 Nc6 5. c4 Nf6 6. Nc3 d6 7. Be2 Nxd4 8.
Qxd4 Bg7 9. Be3 O-O 10. Qd2 Be6 11. Rc1 Qa5 12. O-O Rfc8 13. b3 a6 14. f3 b5
15. Nd5 Qxd2 16. Bxd2 Nxd5 17. cxd5 Bd4+ 18. Kh1 Bd7 19. b4 Bb2 20. Rxc8+ Rxc8
21. Bd3 Bc3 22. Bxc3 Rxc3 23. Rd1 f5 24. Kg1 f4 25. Kf2 Kg7 26. Ke2 Kf6 27. Kd2
Ra3 28. Bb1 e6 29. Kc2 Ke5 30. Kb2 Re3 31. dxe6 Re2+ 32. Kc3 Bxe6 33. Rd2 Rxd2
34. Kxd2 Kd4 35. a3 Bg8 36. Bc2 g5 37. g4 fxg3 38. hxg3 h5 39. Bd3 Bc4 40. Bxc4
bxc4 41. a4 h4 42. gxh4 gxh4 43. b5 axb5 44. a5 Kc5 0-1

[Event "New Zealand Championship"]
[Site "Palmerston North"]
[Date "2024.01.02"]
[Round "1.5"]
[White "Middelburg, Tom"]
[Black "Weng, Winston"]
[Result "1-0"]
[WhiteElo "2358"]
[BlackElo "1738"]

1. Nf3 c5 2. c4 Nc6 3. g3 g6 4. d4 cxd4 5. Nxd4 Bg7 6. Nc2 d6 7. Nc3 Nf6 8. Bg2
Be6 9. Ne3 O-O 10. Bd2 Qd7 11. h3 Rfc8 12. Rc1 Rab8 13. b3 a6 14. Ncd5 b5 15.
Nf4 bxc4 16. Nxe6 fxe6 17. Rxc4 d5 18. Ra4 a5 19. g4 Qd8 20. g5 Nd7 21. h4 Nb4
22. Bxb4 axb4 23. Ra7 Ra8 24. Rxa8 Rxa8 25. Nxd5 Rxa2 26. O-O Ra1 27. Qd2 Rxf1+
28. Kxf1 exd5 29. Bxd5+ Kh8 30. Bc6 Bc3 31. Qd5 Kg7 32. Bxd7 Qg8 33. Be6 Qf8
34. e3 Qe8 35. Kg2 Qf8 36. Qe4 Kh8 37. Bc4 Kg7 38. Qe6 Qa8+ 39. Bd5 Qf8 40. h5
Qe8 41. hxg6 hxg6 42. f4 Qf8 43. f5 Kh8 44. f6 1-0

[Event "New Zealand Championship"]
[Site "Palmerston North"]
[Date "2024.01.02"]
[Round "1.6"]
[White "Zhu, David Junyang"]
[Black "Dive, Russell J"]
[Result "0-1"]
[WhiteElo "1721"]
[BlackElo "2194"]

1. e4 Nf6 2. e5 Nd5 3. d4 d6 4. c4 Nb6 5. exd6 cxd6 6. Nf3 g6 7. Nc3 Bg7 8. Bd3
O-O 9. O-O Bg4 10. d5 N8d7 11. Bf4 Rc8 12. h3 Bxf3 13. Qxf3 Nxc4 14. Bxc4 Rxc4
15. Rfe1 Rb4 16. Re2 Ne5 17. Bxe5 Bxe5 18. a3 Rb3 19. Qe3 Qb6 20. Qxb6 Rxb6 21.
Na4 Rb3 22. Rb1 Rc8 23. Rbe1 Kf8 24. f4 Bxf4 25. Nc3 Be5 0-1

[Event "New Zealand Championship"]
[Site "Palmerston North"]
[Date "2024.01.02"]
[Round "1.7"]
[White "Smith, Robert W"]
[Black "Lee, Miles"]
[Result "0-1"]
[WhiteElo "2152"]
[BlackElo "1968"]

1. e4 c5 2. Nc3 Nc6 3. f4 g6 4. Nf3 Bg7 5. Bb5 Nd4 6. O-O Nxb5 7. Nxb5 d6 8.
Nc3 Nf6 9. d3 O-O 10. Qe1 Nd7 11. f5 Ne5 12. Nxe5 dxe5 13. fxg6 hxg6 14. Qh4
Be6 15. Be3 Rc8 16. b3 b6 17. Rf3 f6 18. Qg3 Kf7 19. a4 Rh8 20. a5 Bh6 21. Bxh6
Qd4+ 22. Be3 Qxc3 23. Raf1 Rcg8 24. axb6 axb6 25. Qf2 Ke8 26. b4 Qxb4 27. Ra1
Kf7 28. h3 Ra8 29. Rf1 Ke8 30. Rxf6 exf6 31. Qxf6 Kd7 32. Qxe5 Rae8 33. c3 Qa4
34. Qg7+ Kc6 35. Rf6 Qd1+ 36. Kh2 Qxd3 37. Rxe6+ Rxe6 38. Qxh8 Qxe4 39. Qc8+
Kb5 40. Qd7+ Kc4 41. Bd2 Qe5+ 42. Kh1 b5 43. Qa7 Kd3 44. Bh6 Qe1+ 45. Kh2 Qe5+
46. Kh1 Rd6 47. Qa1 Qe2 48. Bg7 Kc4 49. Qa7 Qf1+ 0-1

[Event "New Zealand Championship"]
[Site "Palmerston North"]
[Date "2024.01.02"]
[Round "1.8"]
[White "Baker, Ilias Angelo (Leo)"]
[Black "Steadman, Michael V R"]
[Result "0-1"]
[WhiteElo "1649"]
[BlackElo "2072"]

1. e4 e6 2. d4 d5 3. e5 c5 4. c3 Nc6 5. Nf3 Nh6 6. Bd3 Nf5 7. dxc5 Bxc5 8. b4
Be7 9. O-O O-O 10. b5 Na5 11. a4 Qc7 12. Re1 Nc4 13. Na3 Rd8 14. Bxf5 exf5 15.
Nxc4 dxc4 16. Nd4 a6 17. Bf4 g6 18. Qd2 Be6 19. Qe3 Rd5 20. h3 Bc5 21. Rab1
axb5 22. axb5 Ra3 23. Nxe6 fxe6 24. b6 Qd8 25. Qc1 Ra2 26. Rb2 Ba3 27. Rxa2
Bxc1 28. Rxc1 g5 0-1

[Event "New Zealand Championship"]
[Site "Palmerston North"]
[Date "2024.01.02"]
[Round "1.9"]
[White "Renjith, Sravan"]
[Black "Wang, Aaron Ziwen"]
[Result "1-0"]
[WhiteElo "2257"]
[BlackElo "1669"]

1. Nf3 c5 2. b3 d5 3. Bb2 Nf6 4. c4 e6 5. g3 b6 6. cxd5 exd5 7. Bg2 Nbd7 8. O-O
Bd6 9. d3 O-O 10. e4 Re8 11. Re1 Ne5 12. Nxe5 Bxe5 13. Bxe5 Rxe5 14. f4 Re7 15.
e5 Ne8 16. Nc3 Bb7 17. d4 Nc7 18. f5 Qe8 19. Qg4 Qd7 20. Rf1 Rae8 21. Rae1 Kh8
22. Kh1 g6 23. Qh4 Rg8 24. Bh3 Qd8 25. e6 fxe6 26. fxg6 Rxg6 27. Rf7 Rg7 28.
Qf6 Rxf7 29. Qxd8+ Rg8 30. Qh4 1-0

[Event "New Zealand Championship"]
[Site "Palmerston North"]
[Date "2024.01.02"]
[Round "1.10"]
[White "Wang, Justin Zhide"]
[Black "Cilia Vincenti, David"]
[Result "0-1"]
[WhiteElo "1667"]
[BlackElo "1945"]

1. e4 e5 2. Nf3 Nc6 3. Bb5 a6 4. Ba4 Nf6 5. d3 b5 6. Bb3 Bc5 7. c3 d6 8. O-O h6
9. d4 Bb6 10. a4 Rb8 11. Re1 O-O 12. axb5 axb5 13. Bd5 Bd7 14. Be3 Ng4 15. h3
exd4 16. Bxd4 Nxd4 17. cxd4 Nf6 18. Bb3 Bc6 19. Qc2 Bb7 20. Nbd2 c5 21. dxc5
dxc5 22. Rad1 Qc7 23. Ba2 c4 24. Bb1 g6 25. Re2 Nh5 26. Nf1 Nf4 27. Red2 Nd3
28. Re2 Rfe8 29. Ne1 Bxe4 30. Nxd3 Bxd3 31. Rxe8+ Rxe8 32. Qd2 Re2 33. Qxh6
Rxf2 34. Ne3 Qg3 0-1

[Event "New Zealand Championship"]
[Site "Palmerston North"]
[Date "2024.01.02"]
[Round "1.11"]
[White "Ning, Isabelle Yixuan"]
[Black "Malcolm, Leo"]
[Result "1-0"]
[WhiteElo "1958"]
[BlackElo "1688"]

1. d4 e6 2. c4 d5 3. Nc3 c5 4. cxd5 cxd4 5. Qxd4 Nc6 6. Qd1 exd5 7. e3 d4 8.
exd4 Qxd4 9. Qxd4 Nxd4 10. Bd3 Be6 11. Be3 O-O-O 12. Rc1 Kb8 13. Nge2 Nxe2 14.
Bxe2 Nf6 15. O-O Nd5 16. Rfe1 Nxc3 17. bxc3 f6 18. Bf3 Bc4 19. Rb1 b5 20. a4
Kc7 21. axb5 Rb8 22. Ra1 1-0

[Event "New Zealand Championship"]
[Site "Palmerston North"]
[Date "2024.01.02"]
[Round "1.12"]
[White "Chang, Yolanda"]
[Black "Fulo, Nunilon III"]
[Result "1-0"]
[WhiteElo "1595"]
[BlackElo "2002"]

1. e4 e5 2. Nf3 Nc6 3. d4 exd4 4. Bc4 Nf6 5. e5 d5 6. Bb5 Ne4 7. Nxd4 Bd7 8.
Bxc6 bxc6 9. O-O Bc5 10. f3 Ng5 11. Be3 Qe7 12. f4 Ne4 13. Nd2 Nxd2 14. Qxd2
O-O 15. Rae1 Bxd4 16. Bxd4 c5 17. Bf2 d4 18. c4 Bf5 19. h3 Rab8 20. g4 Bc8 21.
f5 f6 22. Bh4 Qf7 23. b3 Bb7 24. exf6 gxf6 25. Re6 Qg7 26. Rfe1 Rbd8 27. Kh2
Bc8 28. R6e2 Bb7 29. g5 Qd7 30. gxf6 Qxf5 31. Rg1+ Kh8 32. Re7 Bc8 33. Qg2 Rg8
34. Rg7 Qf4 35. Kh1 Be6 36. f7 Qxf7 37. Rxf7 Rxg2 38. Rxg2 1-0

[Event "New Zealand Championship"]
[Site "Palmerston North"]
[Date "2024.01.02"]
[Round "1.13"]
[White "Archer, Ollie"]
[Black "McDonald, Duncan"]
[Result "1-0"]
[WhiteElo "2024"]
[BlackElo "1657"]

1. d4 d5 2. c4 e6 3. Nc3 Nf6 4. cxd5 exd5 5. Bg5 c6 6. e3 Bf5 7. Qf3 Bg6 8.
Bxf6 Qxf6 9. Qxf6 gxf6 10. h4 Bd6 11. h5 Bf5 12. f3 h6 13. g4 Bh7 14. Kd2 f5
15. gxf5 Bxf5 16. Bd3 Be6 17. Nge2 Nd7 18. Rag1 Nf6 19. e4 dxe4 20. fxe4 Bc7
21. Rf1 Ke7 22. e5 Nd5 23. Nxd5+ Bxd5 24. Rhg1 Bxa2 25. Rf6 Bd8 26. b3 Bxb3 27.
Rb1 Be6 28. Rxb7+ Kf8 29. Rf1 Kg7 30. Be4 Bg5+ 31. Kd3 Rhc8 32. Nf4 Bxf4 33.
Rxf4 a5 34. Rf6 Rcb8 35. Rxb8 Rxb8 36. Bxc6 Bg4 37. Bd5 Bxh5 38. Ra6 Bg6+ 39.
Kc4 Rb4+ 40. Kc5 Ra4 41. Ra7 Kf8 42. Bc6 Ra1 43. d5 Be4 44. d6 Bf5 45. Bb5 h5
46. Bc4 Be6 47. Ra8+ Kg7 48. Bxe6 1-0

[Event "New Zealand Championship"]
[Site "Palmerston North"]
[Date "2024.01.02"]
[Round "1.14"]
[White "Thurner, Anya"]
[Black "Carpinter, Anthony L"]
[Result "0-1"]
[WhiteElo "1648"]
[BlackElo "2080"]

1. e4 e6 2. d4 d5 3. Nd2 c5 4. exd5 Qxd5 5. Ngf3 cxd4 6. Bc4 Qd6 7. O-O Nc6 8.
Bb5 Nf6 9. Nb3 Bd7 10. Nbxd4 Nxd4 11. Bxd7+ Qxd7 12. Nxd4 Be7 13. Bf4 O-O 14.
c3 Nd5 15. Bg3 Bf6 16. Nf3 Qb5 17. Qc2 Rac8 18. Qb3 Qxb3 19. axb3 a6 20. Rad1
Rfd8 21. Rd2 g5 22. h3 Be7 23. Nd4 Bf6 24. Nf3 Ra8 25. Ne5 Be7 26. Nc4 f6 27.
Ra1 Rac8 28. Rad1 Bc5 29. Re2 Kf7 30. Ree1 e5 31. Nd2 Be7 32. b4 Nb6 33. f3 Na4
34. Bf2 Nxb2 0-1

[Event "New Zealand Championship"]
[Site "Palmerston North"]
[Date "2024.01.02"]
[Round "1.15"]
[White "Timergazi, Layla"]
[Black "Gan, Emily Cathay"]
[Result "1-0"]
[WhiteElo "1995"]
[BlackElo "1570"]

1. d4 Nf6 2. c4 g6 3. Nc3 Bg7 4. e4 d6 5. h3 O-O 6. Bg5 Nbd7 7. Nf3 e5 8. d5 a5
9. Bd3 c6 10. Qd2 cxd5 11. cxd5 Nc5 12. O-O Nxd3 13. Qxd3 h6 14. Be3 b6 15. Nb5
Ba6 16. a4 Nd7 17. b4 axb4 18. Qb3 Bxb5 19. axb5 Nc5 20. Qxb4 Qd7 21. Nd2 Rfb8
22. Nc4 Rxa1 23. Rxa1 Rb7 24. Ra6 Qd8 25. Bxc5 dxc5 26. Qa4 Kh7 27. Ra7 Rxa7
28. Qxa7 Qg5 29. Ne3 Qf6 30. Qc7 Bf8 31. Ng4 Qe7 32. d6 Qxd6 33. Qxf7+ Bg7 34.
Ne3 Qd3 35. Nd5 h5 36. Nf6+ Kh6 37. Ne8 Bh8 38. Qg8 Qd4 39. Qxh8+ Kg5 40. Qf6+
Kh6 41. Nd6 1-0

[Event "New Zealand Championship"]
[Site "Palmerston North"]
[Date "2024.01.02"]
[Round "1.16"]
[White "VanMeter, Lester"]
[Black "Langford, Joshua"]
[Result "1-0"]
[WhiteElo "1810"]
[BlackElo "1869"]

1. d4 d5 2. Nf3 e6 3. c4 a6 4. g3 dxc4 5. Bg2 Nc6 6. O-O Rb8 7. e4 Nf6 8. Nc3
Be7 9. d5 exd5 10. e5 Ng4 11. Nxd5 Be6 12. Nxe7 Qxd1 13. Rxd1 Kxe7 14. Bf4 Rhe8
15. h3 Nh6 16. Ng5 Bf5 17. Rac1 Na5 18. e6 fxe6 19. Bxc7 b6 20. g4 Bd3 21. Bxb8
Rxb8 22. Re1 Kf6 23. Nxe6 Nf7 24. f4 Nb7 25. Nc7 Nc5 26. Nd5+ Kg6 27. Re7 Nd6
28. Rce1 Nb5 29. h4 Nd4 30. f5+ Kh6 31. f6 gxf6 32. Nxf6 Rf8 33. g5+ Kg6 34.
R1e5 h5 35. Nd7 Nxd7 36. Rxd7 Ne2+ 37. Kh2 Rf4 38. Re6+ Kf5 39. Bh3+ Rg4 40.
Rf6+ Ke5 41. Re7+ Kd4 42. Bxg4 hxg4 43. Rxe2 Bxe2 44. g6 1-0

[Event "New Zealand Championship"]
[Site "Palmerston North"]
[Date "2024.01.02"]
[Round "1.17"]
[White "van der Hoorn, Thomas"]
[Black "Sun, Wanyao Sarah"]
[Result "0-1"]
[WhiteElo "1882"]
[BlackElo "1614"]

1. e4 c6 2. d4 d5 3. Nc3 dxe4 4. Nxe4 Nf6 5. Nxf6+ exf6 6. c3 Bd6 7. Bd3 O-O 8.
Qc2 Re8+ 9. Ne2 h6 10. O-O Nd7 11. Ng3 Qc7 12. Bd2 Nf8 13. Rfe1 Bd7 14. c4 Ne6
15. Bc3 b6 16. Rad1 Ng5 17. Nf1 Bg4 18. Rb1 Bd7 19. d5 Bc5 20. h4 Nh3+ 21. gxh3
Qf4 22. b4 Bd6 23. Re4 Rxe4 24. Bxe4 Bxh3 25. Qd3 Qxh4 26. dxc6 Rd8 27. Qf3 f5
28. Bd5 Qg5+ 29. Ng3 f4 30. Bd2 Qg6 31. Be4 Qf6 32. Nf1 Qg5+ 33. Kh2 Bg4 34.
Qh1 f3+ 35. Kg1 Qf6 36. Ne3 Qf4 37. Qh4 Re8 38. Qxg4 Qh2+ 39. Kf1 Qh1+ 40. Qg1
Qh3+ 41. Ke1 Rxe4 42. Bc3 g6 43. Rd1 Qe6 44. Rd4 Rxd4 45. Bxd4 Bxb4+ 46. Kf1
Qe4 0-1

[Event "New Zealand Championship"]
[Site "Palmerston North"]
[Date "2024.01.02"]
[Round "1.18"]
[White "Xu, Luna Yuexiu"]
[Black "Milligan, Helen"]
[Result "1/2-1/2"]
[WhiteElo "1407"]
[BlackElo "1941"]

1. e4 e5 2. Nf3 Nc6 3. Nc3 Nf6 4. d4 exd4 5. Nxd4 Bb4 6. Nxc6 bxc6 7. Bd3 Qe7
8. O-O O-O 9. Qf3 Qe6 10. Bg5 Be7 11. Rfe1 d6 12. h3 Rb8 13. Rab1 Nd7 14. Bxe7
Qxe7 15. e5 d5 16. Qg3 Nc5 17. Ne2 Ne6 18. f4 f5 19. exf6 Qxf6 20. f5 Nc5 21.
Qxc7 Rb7 22. Qf4 Nxd3 23. cxd3 Bxf5 24. Qd2 c5 25. b3 Rbf7 26. Rbc1 Qb6 27. Kh1
d4 28. Ng3 Qg6 29. Nxf5 Rxf5 30. Re2 Qg3 31. Kg1 h6 32. Rd1 Qd6 33. Rde1 Qg3
34. Rd1 1/2-1/2

[Event "New Zealand Championship"]
[Site "Palmerston North"]
[Date "2024.01.02"]
[Round "1.19"]
[White "Zhang, Kendrick Botong"]
[Black "Yu, Weiyang (Cadence)"]
[Result "1/2-1/2"]
[WhiteElo "1815"]
[BlackElo "1551"]

1. e4 c5 2. Nf3 e6 3. d4 cxd4 4. Nxd4 Nc6 5. Nc3 Qc7 6. Be3 a6 7. Qd2 Nf6 8.
O-O-O Bb4 9. f3 O-O 10. Qe1 d6 11. Nb3 Na5 12. a3 Bxc3 13. Qxc3 Qxc3 14. bxc3
Nxb3+ 15. cxb3 d5 16. exd5 Nxd5 17. Bc5 Re8 18. c4 Nf6 19. f4 Bd7 20. Bd4 Bc6
21. Be2 Rac8 22. Rhg1 Nd7 23. Bg4 Nf6 24. Bf3 Ne4 25. Rge1 f5 26. Kb2 g5 27. g3
a5 28. fxg5 e5 29. Bb6 a4 30. Bxe4 Bxe4 31. c5 axb3 32. Kxb3 Bc6 33. a4 Kg7 34.
Rd6 f4 35. Rf6 f3 36. Kc3 e4 37. Kd4 Rf8 38. Rxf8 Rxf8 39. Rf1 Bxa4 40. Kxe4
Bb5 41. Rf2 Kg6 42. h4 Kh5 43. Bc7 Be2 44. Bd6 Ra8 45. Kf5 Ra4 46. Kf6 Ra1 47.
Kf5 Ra4 48. Bf4 Bd3+ 49. Kf6 Kg4 50. h5 Rxf4+ 51. gxf4 Kxf4 52. g6 hxg6 53.
hxg6 Ke3 54. g7 Bc4 55. Rb2 f2 56. Rb1 Ke2 57. Rb2+ Kf3 58. Rb1 Kg2 59. Ke7
f1=Q 60. Rxf1 Kxf1 61. Kd6 Ke2 62. Kc7 Bd5 63. Kd6 Bc4 64. Kc7 Bd5 65. c6 bxc6
66. Kd6 Kd3 1/2-1/2

[Event "New Zealand Championship"]
[Site "Palmerston North"]
[Date "2024.01.02"]
[Round "1.20"]
[White "Lu, Xiahan (Luna)"]
[Black "Young, Cohen"]
[Result "0-1"]
[WhiteElo "1471"]
[BlackElo "1829"]

1. d4 Nf6 2. c4 e6 3. Nc3 Bb4 4. e3 O-O 5. Bd3 c5 6. Ne2 d5 7. O-O cxd4 8. exd4
dxc4 9. Bxc4 a6 10. Bg5 b5 11. Bd3 Bb7 12. Ne4 Be7 13. Nxf6+ Bxf6 14. Bxf6 Qxf6
15. Qc2 h6 16. Bh7+ Kh8 17. Be4 Nc6 18. Qd2 Rad8 19. Qe3 Qe7 20. Qf3 Na5 21. b3
Bd5 22. Rac1 Qd6 23. Bxd5 Qxd5 24. Qxd5 Rxd5 25. Rc7 Kg8 26. Rfc1 Rfd8 27. f4
R8d7 28. Rc8+ Kh7 29. Kf2 g5 30. fxg5 hxg5 31. R1c7 Kg6 32. h4 Rf5+ 33. Ke3
Rxc7 34. Rxc7 gxh4 35. Ra7 Nc6 36. Rxa6 Nb4 37. Ra8 Nd5+ 38. Kd3 b4 39. Rg8+
Kf6 40. Rh8 Rg5 41. Rxh4 Rxg2 42. Rh8 Kg7 43. Re8 Rh2 44. Ra8 f5 45. a4 Rh3+
46. Kc2 f4 47. Ng1 Rc3+ 48. Kd2 Rxb3 49. a5 Rg3 50. Ne2 Rg2 51. Ke1 f3 52. Nc1
Ne3 0-1

[Event "New Zealand Championship"]
[Site "Palmerston North"]
[Date "2024.01.02"]
[Round "1.21"]
[White "Burns, Christopher J"]
[Black "Steele, Hayden"]
[Result "0-1"]
[WhiteElo "1926"]
[BlackElo "1493"]

1. e4 d5 2. d4 dxe4 3. Nc3 Nf6 4. f3 exf3 5. Nxf3 e6 6. Bd3 Be7 7. O-O Nc6 8.
Kh1 Nb4 9. Bc4 a6 10. Ne5 c5 11. Be3 Nbd5 12. Bxd5 exd5 13. dxc5 Be6 14. Qd4
Nd7 15. Nxd7 Qxd7 16. Na4 O-O 17. Nb6 Qc6 18. Nxa8 Rxa8 19. c3 f5 20. Rae1 Bf6
21. Qb4 d4 22. Bxd4 Bd5 23. Rg1 Bh4 24. Re2 f4 25. Be5 f3 26. Qg4 Bf6 27. Bxf6
Qxf6 28. Rf2 fxg2+ 29. Rfxg2 Re8 30. h3 h5 31. Qxh5 Re5 32. Qg4 Rg5 33. Qe2 Qf4
34. b4 Kh7 35. c4 Bc6 36. b5 axb5 37. cxb5 Bd5 38. Qd1 Bf3 39. Qc2+ Kh6 40. Qf2
Rg3 41. Rf1 Rxg2 42. Qxg2 Bxg2+ 43. Kxg2 Qg5+ 44. Kf3 Qxc5 45. Kg2 Qxb5 46. Rf2
Qd5+ 47. Kh2 g5 48. Kg1 Kh5 49. Rg2 Kh4 50. Rh2 Kg3 0-1

[Event "New Zealand Championship"]
[Site "Palmerston North"]
[Date "2024.01.02"]
[Round "1.22"]
[White "Praveen, Jeeva"]
[Black "Qin, Oscar Shu Xuan"]
[Result "1/2-1/2"]
[WhiteElo "1640"]
[BlackElo "1880"]

1. e4 d6 2. d4 g6 3. Nc3 Bg7 4. Be3 a6 5. Nf3 Nf6 6. h3 O-O 7. Bd3 Nc6 8. O-O
e5 9. Re1 Nd7 10. Ne2 exd4 11. Nexd4 Nce5 12. Nxe5 Nxe5 13. f4 Nxd3 14. Qxd3 c5
15. Nf3 Bxb2 16. Rad1 Be6 17. Qxd6 Qxd6 18. Rxd6 b5 19. Bxc5 Rfc8 20. Rb1 Bg7
21. Bd4 Bf8 22. Rb6 Rxc2 23. h4 Rxa2 24. h5 Rc8 25. hxg6 hxg6 26. Nh4 Rc4 27.
Nf3 Rcc2 28. Rb8 Rxg2+ 29. Kh1 Rgc2 30. f5 Bc8 31. Rg1 Ra3 32. Rg3 Rc1+ 33. Rg1
Rc4 34. Ne5 Bd6 35. Nxc4 Rh3+ 36. Kg2 Rh2+ 37. Kf1 Bxb8 38. Nb6 Bb7 39. fxg6
Bxe4 40. Nd7 Bd3+ 41. Ke1 fxg6 42. Nxb8 b4 43. Nxa6 b3 44. Nc5 b2 45. Bxb2 Rxb2
46. Nxd3 Rb1+ 47. Kf2 Rxg1 48. Kxg1 1/2-1/2

[Event "New Zealand Championship"]
[Site "Palmerston North"]
[Date "2024.01.02"]
[Round "1.23"]
[White "Liu, William Rui"]
[Black "Rowe, Abigail"]
[Result "1-0"]
[WhiteElo "1853"]
[BlackElo "1357"]

1. e4 c5 2. Nf3 a6 3. c4 Nc6 4. d4 cxd4 5. Nxd4 Nf6 6. Nc3 e5 7. Nf3 Bb4 8. Bg5
Bxc3+ 9. bxc3 d6 10. Bd3 h6 11. Bh4 Be6 12. Rb1 Rb8 13. Qa4 Bd7 14. Qa3 Be6 15.
O-O g5 16. Bg3 Bg4 17. Ne1 h5 18. f3 Be6 19. Nc2 Qc7 20. Ne3 Nd7 21. Rfd1 Nc5
22. Bf2 Ke7 23. Nd5+ Bxd5 24. cxd5 Na7 25. Bxc5 Qxc5+ 26. Qxc5 dxc5 27. Rb2 b5
28. Rdb1 Rb6 29. a4 c4 30. Bxc4 Rc8 31. Bf1 Rxc3 32. axb5 Nxb5 33. Bxb5 Rxb5
34. Rxb5 axb5 35. Rxb5 Rc7 36. Kf2 h4 37. Rb2 f6 38. g3 hxg3+ 39. Kxg3 Ra7 40.
Kg4 Ra3 41. Rb7+ Ke8 42. Kf5 Ra6 43. Rc7 Rd6 44. Rc6 Rd7 45. Rxf6 Rg7 46. Kxe5
g4 47. fxg4 Rxg4 48. Kd6 Rg7 49. e5 Rd7+ 50. Kc6 Ke7 51. Rf7+ Kxf7 52. Kxd7 1-0

[Event "New Zealand Championship"]
[Site "Palmerston North"]
[Date "2024.01.02"]
[Round "1.24"]
[White "Ng, Lok Jim (Lauren)"]
[Black "Yu, Zachary"]
[Result "0-1"]
[WhiteElo "1348"]
[BlackElo "1861"]

1. d4 Nf6 2. c4 e6 3. Nc3 Bb4 4. Qc2 O-O 5. Bf4 d5 6. e3 a6 7. Bd3 dxc4 8. Bxc4
b5 9. Bd3 Bb7 10. f3 h6 11. Ne2 Qe7 12. O-O Rc8 13. a3 Bxc3 14. Nxc3 c5 15.
dxc5 Qxc5 16. Qf2 Nbd7 17. Rac1 Qe7 18. Qg3 Nh5 19. Qf2 Nc5 20. Be4 Bxe4 21.
Nxe4 Nxe4 22. fxe4 Nf6 23. Rxc8+ Rxc8 24. e5 Ne4 25. Qe2 Qc5 26. Qd3 Qd5 27.
Qxd5 exd5 28. h3 Rc2 29. Rd1 g5 30. Bh2 Rxb2 31. g4 Nf2 32. Rxd5 Nxh3+ 33. Kh1
Nf2+ 34. Kg1 Nxg4 35. Rd8+ Kg7 36. Bg3 Nxe3 37. Bh2 Rb1+ 38. Kf2 Ng4+ 39. Kg3
Nxh2 40. Kxh2 Rb3 41. Rd7 Kf8 42. Rd6 Rxa3 43. Rxh6 b4 44. Rb6 b3 45. Kg3 Ra5
46. Rxb3 Rxe5 47. Ra3 a5 48. Kg4 Kg7 49. Rf3 Kg6 50. Rb3 Re4+ 51. Kf3 Rb4 52.
Rc3 a4 53. Rc6+ f6 54. Ra6 g4+ 55. Kg3 Kg5 56. Ra5+ f5 57. Kf2 Kf4 58. Kg2 Rb2+
59. Kg1 Ra2 60. Kf1 a3 61. Ra4+ Kf3 62. Ke1 g3 63. Kd1 g2 64. Kc1 g1=Q# 0-1

[Event "New Zealand Championship"]
[Site "Palmerston North"]
[Date "2024.01.03"]
[Round "2.1"]
[White "Carpinter, Anthony L"]
[Black "Hague, Ben"]
[Result "0-1"]
[WhiteElo "2080"]
[BlackElo "2337"]

1. d4 d5 2. c4 e6 3. Nc3 a6 4. cxd5 exd5 5. Nf3 c6 6. e4 dxe4 7. Nxe4 Nf6 8.
Bg5 Bb4+ 9. Nc3 O-O 10. Bc4 Bg4 11. O-O Bxf3 12. gxf3 Nbd7 13. Kh1 Qa5 14. Rg1
Bxc3 15. bxc3 Kh8 16. Qd2 Nd5 17. Rac1 Rae8 18. Bd3 f6 19. Bh6 gxh6 20. Qxh6
Re7 21. Rg3 Qd8 22. Rcg1 Rff7 23. c4 N5b6 24. Bf5 Qf8 25. Qh3 c5 26. Rg8+ Qxg8
27. Rxg8+ Kxg8 28. Be6 cxd4 29. Qf5 Ne5 30. Qxf6 Rxe6 31. Qxe6 Nc6 32. c5 Nd7
33. Qd5 Nf6 34. Qf5 Kf8 35. Qc8+ Kg7 36. Qf5 Rd7 37. Qg5+ Kf7 38. Qd2 d3 39. a3
Ne5 40. Kg2 Nc4 41. Qa2 d2 0-1

[Event "New Zealand Championship"]
[Site "Palmerston North"]
[Date "2024.01.03"]
[Round "2.2"]
[White "Croad, Nicolas"]
[Black "Timergazi, Layla"]
[Result "1-0"]
[WhiteElo "2171"]
[BlackElo "1995"]

1. d4 Nf6 2. c4 e6 3. Nc3 Bb4 4. Qc2 b6 5. e4 c5 6. d5 exd5 7. exd5 Qe7+ 8. Be2
O-O 9. Nf3 Re8 10. O-O d6 11. h3 Bxc3 12. Qxc3 Bf5 13. Re1 Qd7 14. Nh4 Na6 15.
a3 Re5 16. Bf4 Re4 17. Nxf5 Rxf4 18. Nxg7 Rd4 19. Qe3 Kh8 20. Qg5 Ne4 21. Qf5
Qe7 22. Bd3 Qf6 23. Rxe4 Qxg7 24. Rae1 Rg8 25. Rg4 Rxg4 26. hxg4 Nc7 27. Re7
1-0